F1 2013 GRID - Statistics

General Stats
  • This quiz has been taken 66 times
  • The average score is 16 of 23
Answer Stats
Team Answer % Correct
Mercedes Lewis Hamilton
98%
Red Bull Sebastian Vettel
96%
Red Bull Mark Webber
94%
Ferrari Fernando Alonso
92%
Mercedes Nico Rosberg
90%
Ferrari Felipe Massa
88%
McLaren Jenson Button
83%
Lotus Kimi Raikkonen
83%
McLaren Sergio Perez
83%
Toro Rosso Daniel Ricciardo
81%
Sauber Nico Hulkenberg
81%
Lotus Romain Grosjean
81%
Williams Valtteri Bottas
77%
Williams Pastor Maldonado
65%
Force India Adrian Sutil
60%
Marussia Jules Bianchi
58%
Toro Rosso Jean Eric Vergne
56%
Lotus Heikki Kovalainen
50%
Force India Paul di Resta
50%
Caterham Charles Pic
48%
Marussia Max Chilton
42%
Caterham Giedo van der Garde
37%
Sauber Esteban Guttierez
33%
No matching quizzes found
Score Distribution
Percent of People with Each Score
Percentile by Number Answered
Your Score History
You have not taken this quiz